000 00620nam a2200217 a 4500
005 20240924070909.0
008 991125s1979 es 000 0 spa u
020 _a8426901743
035 _aUPN01000004006
049 _aCG
050 4 _aLB1050.5
_bM5.38 1979
100 1 _aMialaret, Gaston,
_d1918-2016
_929321
245 1 3 _aEl aprendizaje de la lectura /
_cGastón Mialaret ; tr. Miguel Angel Torremocha.
250 _a2a ed.
260 _aMadrid :
_bMarova,
_c1979.
300 _a149 p.
440 0 _aBiblioteca del educador ;
_v3
650 4 _aLectura
_913351
650 4 _aMétodo global
_912886
905 _aLibro
999 _c4006
_d4006